[Event "XIII TCh-RUS"]
[Site "Sochi RUS"]
[Date "2006.04.20"]
[Round "1"]
[White "Kobalia,M"]
[Black "Landa,K"]
[Result "1/2-1/2"]
[WhiteElo "2654"]
[BlackElo "2600"]
[EventDate "2006.04.20"]

1. e4 e5 2. Nf3 Nc6 3. Bb5 Nf6 4. d3 Bc5 5. c3 O-O 6. Bg5 Re8 7. Nbd2 a6 8.
Ba4 h6 9. Bh4 Be7 10. O-O d6 11. d4 Bd7 12. Re1 Nh7 13. Bg3 Bf6 14. dxe5
Nxe5 15. Bxd7 Qxd7 16. Qc2 Nxf3+ 17. Nxf3 Qc6 18. e5 dxe5 19. Nxe5 Bxe5 20.
Bxe5 Re6 21. Bg3 Rae8 22. Rxe6 Qxe6 23. f3 Nf6 24. c4 Nh5 25. Bf2 Nf4 26.
Re1 Qxe1+ 27. Bxe1 Rxe1+ 28. Kf2 Re2+ 29. Qxe2 Nxe2 30. Kxe2 Kf8 31. Ke3
Ke7 32. b4 Kd6 33. Kd4 b6 34. c5+ bxc5+ 35. bxc5+ Ke6 36. Kc4 Ke5 37. a4 f5
38. Kb4 Kd5 39. Ka5 Kxc5 40. Kxa6 Kd4 41. a5 c5 42. Kb5 c4 43. a6 c3 44. a7
c2 45. a8=Q c1=Q 46. Qa7+ Kd3 47. Qxg7 Qc4+ 48. Kb6 Qd4+ 49. Qxd4+ Kxd4 50.
Kc6 Ke3 51. Kd5 Kf2 52. Ke5 Kxg2 53. Kxf5 Kxf3 54. h4 h5 55. Kg5 Ke4 56.
Kxh5 1/2-1/2

[Event "XIII TCh-RUS"]
[Site "Sochi RUS"]
[Date "2006.04.24"]
[Round "5"]
[White "Korotylev,A"]
[Black "Aleksandrov,A"]
[Result "0-1"]
[WhiteElo "2618"]
[BlackElo "2634"]
[EventDate "2006.04.20"]

1. d4 Nf6 2. c4 e6 3. Nf3 d5 4. Nc3 Bb4 5. cxd5 exd5 6. Bg5 O-O 7. e3 c5 8.
Bd3 c4 9. Bc2 Nbd7 10. O-O Qa5 11. Ne2 Re8 12. a3 Bf8 13. Nd2 b5 14. Nc3
Bb7 15. Qf3 Qb6 16. g4 h6 17. Bf4 Ne4 18. Ndxe4 dxe4 19. Qg3 a5 20. Bc7 Qc6
21. Rad1 Nf6 22. Be5 b4 23. d5 Qa6 24. axb4 axb4 25. Nxe4 Nxd5 26. g5 Qe6
27. f4 Ra6 28. h4 b3 29. Bb1 Nb4 30. Nf6+ gxf6 31. gxf6+ Kh8 32. Kh2 h5 33.
Rg1 Bh6 34. e4 Bc8 35. Qf3 Nc6 36. Rg5 Nxe5 37. fxe5 Rg8 38. Rxh5 Kh7 39.
Rd6 Rxd6 40. exd6 Rg6 41. e5 Qg4 42. Qxg4 Bxg4 43. e6 Bxe6 44. Be4 Kg8 45.
Bxg6 Bf4+ 0-1

[Event "XIII TCh-RUS"]
[Site "Sochi RUS"]
[Date "2006.04.24"]
[Round "5"]
[White "Kurnosov,I"]
[Black "Filippov,Va"]
[Result "1-0"]
[WhiteElo "2526"]
[BlackElo "2561"]
[EventDate "2006.04.20"]

1. d4 d5 2. c4 e6 3. Nc3 Bb4 4. Nf3 Nf6 5. cxd5 exd5 6. Bg5 Nbd7 7. e3 c5
8. Bd3 Qa5 9. Qc2 c4 10. Bf5 O-O 11. O-O g6 12. Bh3 Bxc3 13. bxc3 Ne4 14.
Rfc1 Nxg5 15. Nxg5 b5 16. a4 b4 17. cxb4 Qxb4 18. Ne6 fxe6 19. Bxe6+ Kh8
20. Bxd5 Bb7 21. Rab1 Qxb1 22. Rxb1 Bxd5 23. e4 Bf7 24. Rb7 Rfd8 25. d5 Kg8
26. h3 Rac8 27. Rb4 Ne5 28. Qc3 Re8 29. a5 a6 30. f4 Nd3 31. Rxc4 Nxf4 32.
Kh2 Rb8 33. Rc7 Rf8 34. Qf6 Nh5 35. Qxa6 g5 36. Qh6 Bg6 37. Qxg5 Rb2 38. d6
Nf6 39. d7 Rbb8 40. e5 Nd5 41. Rc6 1-0

[Event "XIII TCh-RUS"]
[Site "Sochi RUS"]
[Date "2006.04.24"]
[Round "5"]
[White "Romanov,E"]
[Black "Iljin,A"]
[Result "0-1"]
[WhiteElo "2480"]
[BlackElo "2505"]
[EventDate "2006.04.20"]

1. e4 e5 2. Nf3 Nf6 3. Nxe5 d6 4. Nf3 Nxe4 5. Nc3 Nxc3 6. dxc3 Be7 7. Be3
Nc6 8. Qd2 O-O 9. O-O-O Ne5 10. Kb1 Re8 11. h4 Bg4 12. Be2 Qc8 13. h5 h6
14. Nxe5 Bxe2 15. Qxe2 dxe5 16. Qf3 c6 17. Rhe1 Qe6 18. Qg3 Kh8 19. f4 Bf6
20. fxe5 Qxe5 21. Qf3 Qe4 22. Qxe4 Rxe4 23. Bd4 Rxe1 24. Rxe1 Bg5 25. a4 a6
26. Bb6 Kh7 27. Ka2 g6 28. Kb3 gxh5 29. Kc4 Rg8 30. Kc5 Bf4 31. Re7 Rg5+
32. Kd4 Kg6 33. Ke4 Bc1 34. Kf3 Bxb2 35. Rxb7 Bxc3 36. Rc7 Rf5+ 37. Ke4 Rf6
38. Ra7 a5 39. Bxa5 Bxa5 40. Rxa5 Rf2 41. Rc5 Rxg2 42. Kf3 Rg1 43. Kf2 Ra1
44. a5 f5 45. Rxc6+ Kg5 46. a6 h4 47. Kg2 Ra3 48. Kh2 h5 49. Kg2 f4 50. Kh2
f3 51. Rc5+ Kf4 52. Rxh5 Rxa6 53. Kg1 Rg6+ 54. Kf2 Rg2+ 55. Kf1 Kg4 56. Rh8
h3 57. Rg8+ Kf4 58. Rf8+ Ke3 0-1

[Event "XIII TCh-RUS"]
[Site "Sochi RUS"]
[Date "2006.04.25"]
[Round "6"]
[White "Kurnosov,I"]
[Black "Inarkiev,E"]
[Result "1/2-1/2"]
[WhiteElo "2526"]
[BlackElo "2602"]
[EventDate "2006.04.20"]

1. e4 e5 2. Nf3 Nc6 3. Bc4 Nf6 4. d3 h6 5. O-O d6 6. c3 g6 7. d4 Qe7 8. Re1
Bg7 9. Nbd2 O-O 10. h3 Bd7 11. Nf1 Rae8 12. Ng3 Qd8 13. Bb3 Kh8 14. Be3 b6
15. Bc2 Re7 16. Qd2 Ng8 17. Rad1 Qe8 18. Qe2 a5 19. Qc4 exd4 20. cxd4 Nb4
21. Bb3 d5 22. exd5 Bb5 23. Qc3 Nf6 24. Qd2 Kh7 25. Bf4 Nfxd5 26. a3 a4 27.
Rxe7 Qxe7 28. Re1 Qd8 29. Bxd5 Nxd5 30. Ne4 Re8 31. Be5 f6 32. Bg3 Bc6 33.
Nc3 Rxe1+ 34. Qxe1 Ne7 35. Qe6 Be8 36. d5 Bd7 37. Bxc7 Bxe6 38. Bxd8 Nxd5
39. Nxd5 Bxd5 40. Nd4 f5 41. Bxb6 f4 42. f3 Bc4 43. Kf2 Be5 44. Bc5 g5 45.
Ke1 Kg6 46. Kf2 h5 47. Ke1 Bf6 48. Kf2 Bd5 49. Bb6 Kf7 50. Bc5 Ke8 51. Nb5
Bc6 52. Nc3 Kd7 53. Bd4 1/2-1/2

[Event "XIII TCh-RUS"]
[Site "Sochi RUS"]
[Date "2006.04.25"]
[Round "6"]
[White "Rychagov,A"]
[Black "Brodsky,M"]
[Result "1/2-1/2"]
[WhiteElo "2542"]
[BlackElo "2561"]
[EventDate "2006.04.20"]

1. d4 d5 2. c4 e6 3. Nf3 c6 4. Bg5 Be7 5. Bxe7 Qxe7 6. e3 Nf6 7. Nc3 O-O 8.
Bd3 dxc4 9. Bxc4 c5 10. O-O Rd8 11. Qe2 cxd4 12. exd4 Nc6 13. Rad1 Bd7 14.
Rfe1 Qf8 15. a3 Rac8 16. h3 Ne7 17. Ne5 Be8 18. Ba2 Ned5 19. Ne4 Nxe4 20.
Qxe4 Bc6 21. Nxc6 1/2-1/2

[Event "XIII TCh-RUS"]
[Site "Sochi RUS"]
[Date "2006.04.25"]
[Round "6"]
[White "Yevseev,D"]
[Black "Nikolenko,O"]
[Result "1/2-1/2"]
[WhiteElo "2580"]
[BlackElo "2536"]
[EventDate "2006.04.20"]

1. Nf3 Nf6 2. c4 e6 3. g3 b6 4. Bg2 Bb7 5. O-O Be7 6. Nc3 O-O 7. Re1 c5 8.
e4 Nc6 9. e5 Ne8 10. d4 Nxd4 11. Nxd4 Bxg2 12. Nxe6 fxe6 13. Kxg2 Qc7 14.
Qd3 Qc6+ 15. Qe4 Qxe4+ 16. Nxe4 Rd8 17. b3 Rf5 18. Bb2 Rf8 19. Rad1 Kf7 20.
Rd3 d5 21. exd6 Nxd6 22. Nxd6+ Rxd6 23. Rxd6 Bxd6 24. Rd1 Rd8 25. Be5 Bc7
26. Rxd8 Bxd8 27. Kf3 g6 28. Ke4 Ke7 29. g4 a6 30. a4 Kd7 31. f4 Bh4 32. f5
exf5+ 33. gxf5 Bf2 34. Bf4 Bd4 35. fxg6 hxg6 36. Kd5 Bc3 37. h3 Be1 38. Be3
Bc3 39. Bc1 a5 40. Bf4 Be1 41. Ke4 Bc3 42. Bg5 Bb2 43. Bh4 Bc3 44. Kd5
1/2-1/2

[Event "XIII TCh-RUS"]
[Site "Sochi RUS"]
[Date "2006.04.25"]
[Round "6"]
[White "Deviatkin,A"]
[Black "Yemelin,V"]
[Result "0-1"]
[WhiteElo "2531"]
[BlackElo "2520"]
[EventDate "2006.04.20"]

1. e4 e5 2. Nf3 Nc6 3. Bb5 Nf6 4. Qe2 Bd6 5. d3 O-O 6. c3 a6 7. Ba4 Re8 8.
Bg5 h6 9. Bh4 Be7 10. Bb3 d6 11. Nbd2 a5 12. a4 Nd7 13. Bg3 Nc5 14. Bd5 Bf6
15. O-O Bd7 16. Nb3 Ne6 17. d4 exd4 18. cxd4 Nb4 19. Bc4 d5 20. exd5 Nxd4
21. Qd1 Nf5 22. Nc5 Bc8 23. Bf4 Nd6 24. Bb3 Bxb2 25. Rb1 Bf6 26. Re1 Bf5
27. Rc1 b6 28. Ne6 fxe6 29. dxe6 Kh7 30. Re3 Ne4 31. Qe2 Nc5 32. Rd1 Qe7
33. Ne5 Nxb3 34. Qh5 Qxe6 35. Bxh6 g6 36. Qf3 Bxe5 37. Bf4 Nd3 38. Bg5 Nd4
39. Qb7 Qc6 0-1

[Event "XIII TCh-RUS"]
[Site "Sochi RUS"]
[Date "2006.04.25"]
[Round "6"]
[White "Efimenko,Z"]
[Black "Roiz,M"]
[Result "1/2-1/2"]
[WhiteElo "2648"]
[BlackElo "2590"]
[EventDate "2006.04.20"]

1. e4 e6 2. d4 d5 3. Nc3 dxe4 4. Nxe4 Nd7 5. Nf3 Ngf6 6. Nxf6+ Nxf6 7. c3
Be7 8. Bd3 O-O 9. Qe2 b6 10. Bf4 Bb7 11. O-O c5 12. dxc5 bxc5 13. Rfd1 Qb6
14. Ne5 Rad8 15. a4 Bd5 16. Bc4 Bd6 17. Bg3 Qb7 18. Bxd5 1/2-1/2

[Event "XIII TCh-RUS"]
[Site "Sochi RUS"]
[Date "2006.04.25"]
[Round "6"]
[White "Sorokin,M"]
[Black "Popov,Val"]
[Result "1/2-1/2"]
[WhiteElo "2559"]
[BlackElo "2587"]
[EventDate "2006.04.20"]

1. d4 Nf6 2. c4 e6 3. Nf3 d5 4. Nc3 Be7 5. Bg5 O-O 6. e3 h6 7. Bh4 Ne4 8.
Bxe7 Qxe7 9. Qc2 Nxc3 10. Qxc3 c6 11. Be2 Nd7 12. O-O dxc4 13. Bxc4 b6 14.
b4 Bb7 15. Be2 a5 1/2-1/2

[Event "XIII TCh-RUS"]
[Site "Sochi RUS"]
[Date "2006.04.26"]
[Round "7"]
[White "Akopian,Vl"]
[Black "Shomoev,A"]
[Result "1-0"]
[WhiteElo "2706"]
[BlackElo "2492"]
[EventDate "2006.04.20"]

1. e4 c5 2. Nf3 d6 3. c3 Nf6 4. Be2 Bg4 5. O-O e6 6. h3 Bh5 7. Re1 Be7 8.
d4 cxd4 9. cxd4 d5 10. exd5 Nxd5 11. Qb3 Qc7 12. Nc3 Nxc3 13. bxc3 O-O 14.
Rb1 b6 15. c4 Nc6 16. d5 exd5 17. cxd5 Bxf3 18. Qxf3 Nd4 19. Qe4 Nxe2+ 20.
Rxe2 Bc5 21. Bb2 Rad8 22. Qg4 f6 23. Rd1 Rd6 24. Bc1 Qf7 25. Re6 Rfd8 26.
Rxd6 Bxd6 27. Qf3 Be5 28. Ba3 Bd6 29. Bc1 Be5 30. h4 Qc7 31. h5 h6 32. g3
Qc4 33. Ba3 Qxa2 34. Be7 Rd7 35. d6 Qe6 36. Qa8+ Kh7 37. Qe4+ Kh8 38. f4
Qb3 39. Rd3 Qb1+ 40. Kh2 Qc2+ 41. Kh3 Bb2 42. Qa8+ Kh7 43. Qe4+ Kh8 44.
Qa8+ Kh7 45. Qd5 Qc5 46. Qxc5 bxc5 47. Rb3 Bd4 48. Rb8 c4 49. Rc8 Bb6 50.
Kg4 a5 51. Rc6 Bd8 52. Bxd8 Rxd8 53. Kf5 Kg8 54. Ke6 Re8+ 55. Kd7 Kf7 56.
Kc7 Ra8 57. d7 Ke7 58. Ra6 Rd8 59. Re6+ 1-0

[Event "XIII TCh-RUS"]
[Site "Sochi RUS"]
[Date "2006.04.26"]
[Round "7"]
[White "Amonatov,F"]
[Black "Smirnov,P"]
[Result "0-1"]
[WhiteElo "2569"]
[BlackElo "2614"]
[EventDate "2006.04.20"]

1. e4 c5 2. Nf3 Nc6 3. d4 cxd4 4. Nxd4 Nf6 5. Nc3 e5 6. Ndb5 d6 7. Bg5 a6
8. Na3 b5 9. Bxf6 gxf6 10. Nd5 f5 11. c3 Bg7 12. Bd3 Be6 13. Qh5 O-O 14.
O-O f4 15. g4 Rb8 16. Nc2 a5 17. a3 Ne7 18. Rad1 Qd7 19. h3 Bxd5 20. exd5
f5 21. f3 Rf6 22. Kh2 Rh6 23. Bxf5 Qd8 24. Be6+ Kh8 25. Qf7 Qc7 26. g5 Rg6
27. Bf5 Rxg5 28. Rg1 Rf8 29. Qxf8+ Bxf8 30. Rxg5 h6 31. Rh5 Nxf5 32. Rxf5
Qh7 0-1

[Event "XIII TCh-RUS"]
[Site "Sochi RUS"]
[Date "2006.04.26"]
[Round "7"]
[White "Timofeev,Arty"]
[Black "Galkin,A"]
[Result "1/2-1/2"]
[WhiteElo "2646"]
[BlackElo "2618"]
[EventDate "2006.04.20"]

1. d4 d5 2. c4 c6 3. Nc3 Nf6 4. Bg5 dxc4 5. a4 Nd5 6. e4 Nxc3 7. bxc3 b5 8.
Nf3 g6 9. axb5 cxb5 10. d5 Bg7 11. Nd4 Bd7 12. Be2 a5 13. Rb1 a4 14. Nxb5
Bxb5 15. Rxb5 Bxc3+ 16. Bd2 Bxd2+ 17. Qxd2 O-O 18. Bxc4 Qc7 19. Ba2 Nd7 20.
O-O Rfb8 21. d6 exd6 22. Qd5 Nf6 23. Rxb8+ Rxb8 24. Qd4 Qe7 25. f4 Rd8
1/2-1/2

[Event "XIII TCh-RUS"]
[Site "Sochi RUS"]
[Date "2006.04.26"]
[Round "7"]
[White "Savchenko,B"]
[Black "Yandemirov,V"]
[Result "1-0"]
[WhiteElo "2568"]
[BlackElo "2520"]
[EventDate "2006.04.20"]

1. c4 Nf6 2. d4 g6 3. f3 d5 4. cxd5 Nxd5 5. e4 Nb6 6. Nc3 Bg7 7. Be3 Nc6 8.
d5 Ne5 9. f4 Ng4 10. Bd4 O-O 11. Bxg7 Kxg7 12. Qd4+ f6 13. Nf3 e5 14. Qd2
exf4 15. Qxf4 Qe7 16. h3 Ne5 17. O-O-O Bd7 18. Kb1 Rae8 19. Nd4 a6 20. Be2
Qd6 21. a3 Nbc4 22. Qc1 Qb6 23. Ka2 Nd6 24. Ne6+ Bxe6 25. dxe6 Nc8 26. Nd5
Qxe6 27. Qxc7+ Rf7 28. Qc3 Nb6 29. Rhe1 Nxd5 30. exd5 Qd6 31. h4 Rfe7 32.
Bf3 h5 33. Rc1 Nxf3 34. Rxe7+ Rxe7 35. Qxf3 Rd7 36. Rd1 Qe5 37. Qd3 Rd6 38.
Qc4 Rd7 39. d6 Qe8 40. Ka1 Qf7 41. Qe4 Qf8 42. Qd4 Qe8 43. Qc4 Qf7 44. Qc8
Qe6 45. g3 Kh7 46. a4 Qg4 47. Re1 Qxa4+ 48. Kb1 Rf7 49. g4 hxg4 50. h5 Qf4
51. Qe6 Rg7 52. d7 Qd2 53. hxg6+ Kh6 54. Rh1+ Kg5 55. Rf1 Rxg6 56. Rf5+ Kh4
57. Rd5 1-0

[Event "XIII TCh-RUS"]
[Site "Sochi RUS"]
[Date "2006.04.26"]
[Round "7"]
[White "Popov,Val"]
[Black "Frolyanov,D"]
[Result "1/2-1/2"]
[WhiteElo "2587"]
[BlackElo "2497"]
[EventDate "2006.04.20"]

1. e4 e5 2. Nf3 Nf6 3. Nxe5 d6 4. Nf3 Nxe4 5. Nc3 Nxc3 6. dxc3 Be7 7. Bf4
O-O 8. Qd2 Nd7 9. O-O-O Nc5 10. Be3 c6 11. Kb1 Re8 12. Nd4 Ne4 13. Qc1 d5
14. f3 Nd6 15. g4 Bd7 16. Bf4 b5 17. h4 Qb6 18. h5 c5 19. Bxd6 Qxd6 20.
Nxb5 Qb6 21. c4 Bc6 22. Nc3 Rab8 23. f4 dxc4 24. Rh3 Bf6 25. Bxc4 Bd4 26.
Ka1 Re3 27. Rxe3 Bxe3 28. Qb1 Bd4 29. Rd3 Bd7 30. f5 Qf6 31. Bb3 Bc6 32. a3
h6 33. Ka2 a5 34. Qd1 Qe5 35. Bc4 Be4 36. Rh3 Bg2 37. Rd3 Be4 38. Rd2 Bc6
39. Rd3 1/2-1/2

[Event "XIII TCh-RUS"]
[Site "Sochi RUS"]
[Date "2006.04.26"]
[Round "7"]
[White "Roiz,M"]
[Black "Riazantsev,A"]
[Result "1/2-1/2"]
[WhiteElo "2590"]
[BlackElo "2593"]
[EventDate "2006.04.20"]

1. c4 Nf6 2. Nf3 e6 3. g3 d5 4. d4 dxc4 5. Bg2 a6 6. O-O Nc6 7. Nc3 Rb8 8.
e4 Be7 9. Qe2 b5 10. Rd1 Nb4 11. d5 exd5 12. e5 1/2-1/2

[Event "XIII TCh-RUS"]
[Site "Sochi RUS"]
[Date "2006.04.26"]
[Round "7"]
[White "Kornev,Alexei"]
[Black "Kurnosov,I"]
[Result "0-1"]
[WhiteElo "2575"]
[BlackElo "2526"]
[EventDate "2006.04.20"]

1. e4 c5 2. Nf3 d6 3. Bb5+ Nd7 4. O-O Ngf6 5. Re1 a6 6. Bf1 b6 7. c3 Bb7 8.
d3 e5 9. Nbd2 Be7 10. d4 O-O 11. d5 Ne8 12. b4 Qc7 13. Nc4 g6 14. bxc5 Nxc5
15. a4 Nf6 16. Ncd2 Bc8 17. c4 Bd7 18. Bb2 Nh5 19. g3 Rae8 20. Ra3 Bf6 21.
Bc3 a5 22. Bb2 Bg7 23. Nh4 Bf6 24. Ng2 Bg5 25. Nf3 Bh6 26. Nfh4 Ng7 27. g4
Qd8 28. h3 Qe7 29. Bd3 f6 30. Bc2 Rf7 31. Qe2 Ref8 32. Rea1 Kh8 33. Rg3 f5
34. exf5 gxf5 35. gxf5 Nxf5 36. Bxf5 Bxf5 37. f4 Bxf4 38. Nxf5 Rxf5 39. Rg4
Bh6 40. Rg3 Rf2 41. Qh5 Ne4 42. Rg4 Nf6 43. Qxh6 Nxg4 44. hxg4 Rxb2 45. Nh4
Rg8 46. Nf5 Rxg4+ 47. Kh1 Qf7 48. Rf1 Rb1 49. Rxb1 Qxf5 50. Rb2 Qf1+ 51.
Kh2 Qg1+ 0-1

[Event "XIII TCh-RUS"]
[Site "Sochi RUS"]
[Date "2006.04.26"]
[Round "7"]
[White "Khairullin,I"]
[Black "Sorokin,M"]
[Result "1/2-1/2"]
[WhiteElo "2544"]
[BlackElo "2559"]
[EventDate "2006.04.20"]

1. e4 e5 2. Nf3 Nc6 3. Bb5 Nf6 4. d3 d6 5. c3 g6 6. Nbd2 Bg7 7. O-O O-O 8.
Re1 Bd7 9. Ba4 Nh5 10. Nf1 Qe8 11. Ne3 Nf4 12. Bb3 Kh8 13. Nd5 1/2-1/2

[Event "XIII TCh-RUS"]
[Site "Sochi RUS"]
[Date "2006.04.27"]
[Round "8"]
[White "Kasimdzhanov,R"]
[Black "Akopian,Vl"]
[Result "1/2-1/2"]
[WhiteElo "2673"]
[BlackElo "2706"]
[EventDate "2006.04.20"]

1. e4 e5 2. Nf3 Nc6 3. Bb5 a6 4. Ba4 Nf6 5. O-O Be7 6. Re1 b5 7. Bb3 O-O 8.
h3 Bb7 9. d3 d6 10. a3 Na5 11. Ba2 c5 12. Nbd2 Nc6 13. Nf1 Bc8 14. Ne3 Be6
15. Nd5 Bxd5 16. exd5 Nd4 17. Nh2 Nf5 18. c3 Nd7 19. d4 Bg5 20. dxe5 Bxc1
21. Rxc1 Nxe5 22. Bb1 Qg5 23. Re4 Ng6 24. Nf3 Qh6 25. Qf1 Nfh4 26. Nxh4
Nxh4 27. Rce1 Ng6 28. f4 f5 29. Re6 Qxf4 30. Qxf4 Nxf4 31. Rxd6 Rfd8 32.
Rxd8+ Rxd8 33. Rf1 Nxd5 34. Rd1 Kf7 35. Bxf5 g6 36. Bg4 h5 37. Bf3 Ke6 38.
Be4 g5 39. Bf3 h4 40. Re1+ Kf6 41. Rd1 Ke5 42. Re1+ 1/2-1/2

[Event "XIII TCh-RUS"]
[Site "Sochi RUS"]
[Date "2006.04.27"]
[Round "8"]
[White "Iljushin,A"]
[Black "Belov,Vl"]
[Result "0-1"]
[WhiteElo "2483"]
[BlackElo "2599"]
[EventDate "2006.04.20"]

1. d4 Nf6 2. c4 g6 3. Nc3 d5 4. Nf3 Bg7 5. Bf4 O-O 6. e3 c5 7. dxc5 Qa5 8.
Rc1 dxc4 9. Bxc4 Qxc5 10. Bb3 Nc6 11. O-O Qa5 12. h3 Bf5 13. Qe2 Ne4 14.
Nd5 e5 15. Rxc6 bxc6 16. Ne7+ Kh8 17. Nxc6 Qb6 18. Ncxe5 Be6 19. Bxe6 Qxe6
20. Qc2 f5 21. Qa4 g5 22. Bh2 Qe8 23. Qa5 Rb8 24. Nc4 Rb5 25. Qxa7 g4 26.
Nd4 Rd5 27. Qb7 Rd7 28. Qb5 f4 29. Nf5 g3 30. fxg3 Rxf5 31. Qxf5 fxg3 32.
b3 Ra7 33. a4 Re7 34. Qf4 gxh2+ 35. Qxh2 Rb7 36. a5 Rxb3 37. Qc7 Rb8 38.
Rf4 Nf6 39. Rf5 Rc8 40. Qf4 Qe6 41. Nb6 Rd8 42. Rc5 Bh6 43. Qe5 Bxe3+ 44.
Kf1 Rd1+ 45. Ke2 Qa2+ 0-1

[Event "XIII TCh-RUS"]
[Site "Sochi RUS"]
[Date "2006.04.27"]
[Round "8"]
[White "Shomoev,A"]
[Black "Landa,K"]
[Result "1/2-1/2"]
[WhiteElo "2492"]
[BlackElo "2600"]
[EventDate "2006.04.20"]

1. e4 e5 2. Nf3 Nf6 3. Nxe5 d6 4. Nf3 Nxe4 5. d4 d5 6. Bd3 Nc6 7. O-O Be7
8. c4 Nb4 9. Be2 O-O 10. a3 Nc6 11. cxd5 Qxd5 12. Nc3 Nxc3 13. bxc3 Bf5 14.
Re1 Rfe8 15. Bf4 Rac8 16. h3 h6 17. c4 Qe4 18. Bg3 Bf6 19. Bf1 Qc2 20. Qxc2
Bxc2 21. Rxe8+ Rxe8 22. Rc1 Ba4 23. d5 Ne5 24. Nd2 Bd8 25. c5 c6 26. Ne4
cxd5 27. Nd6 Re7 28. Nxb7 Rxb7 29. Bxe5 Bc6 30. a4 Bg5 31. f4 Bf6 32. Bb5
Bxb5 33. axb5 Bxe5 34. fxe5 Rxb5 35. c6 Rb8 36. Kf2 Kf8 37. Ke3 Ke7 38. Kd4
Ke6 39. Kc5 Rb2 40. Ra1 Rc2+ 41. Kb5 Rb2+ 42. Kc5 Rc2+ 43. Kb5 Rb2+ 44. Kc5
Rc2+ 1/2-1/2

[Event "XIII TCh-RUS"]
[Site "Sochi RUS"]
[Date "2006.04.27"]
[Round "8"]
[White "Nikolenko,O"]
[Black "Yakovich,Yur"]
[Result "1/2-1/2"]
[WhiteElo "2536"]
[BlackElo "2570"]
[EventDate "2006.04.20"]

1. e4 c5 2. Nf3 e6 3. d4 cxd4 4. Nxd4 Nf6 5. Nc3 Nc6 6. g3 Qb6 7. Nb3 Bb4
8. Bg2 Qa6 9. Bd2 O-O 10. a3 Be7 11. f4 d5 12. e5 Nd7 13. Be3 b6 14. Nd4
Nxd4 15. Qxd4 Bc5 16. Qd2 Bb7 17. Bd4 Rac8 18. Ne2 Bc6 19. b4 1/2-1/2

[Event "XIII TCh-RUS"]
[Site "Sochi RUS"]
[Date "2006.04.27"]
[Round "8"]
[White "Novikov,St"]
[Black "Turov,M"]
[Result "1-0"]
[WhiteElo "2545"]
[BlackElo "2539"]
[EventDate "2006.04.20"]

1. e4 e5 2. Nf3 Nc6 3. d4 exd4 4. Nxd4 Nf6 5. Nxc6 bxc6 6. e5 Qe7 7. Qe2
Nd5 8. c4 Ba6 9. b3 O-O-O 10. Bb2 f6 11. Nd2 fxe5 12. O-O-O Nf6 13. Qxe5
Qxe5 14. Bxe5 Ng4 15. Bg3 Ba3+ 16. Kc2 Rhf8 17. Nf3 Bc5 18. Rd2 Rde8 19.
Bd3 Bb4 20. Re2 Rxe2+ 21. Bxe2 Bd6 22. h3 Ne3+ 23. Kd3 Bxg3 24. fxg3 Nf5
25. g4 Ne7 26. Rf1 Ng6 27. Kd2 c5 28. Ng5 Rxf1 29. Bxf1 h6 30. Ne4 d6 31.
g5 Bb7 32. Ke3 Kd7 33. gxh6 gxh6 34. g3 Ke6 35. h4 Ne5 36. Bh3+ Kf7 37. Nc3
a6 38. Bf5 Kf6 39. Kf4 Bg2 40. Bc8 Nd3+ 41. Ke3 Nb4 42. Kd2 Bf1 43. a3 Nc6
44. Nd5+ Ke5 45. Ne3 1-0

[Event "XIII TCh-RUS"]
[Site "Sochi RUS"]
[Date "2006.04.27"]
[Round "8"]
[White "Vitiugov,N"]
[Black "Frolyanov,D"]
[Result "1/2-1/2"]
[WhiteElo "2550"]
[BlackElo "2497"]
[EventDate "2006.04.20"]

1. d4 d5 2. c4 e6 3. Nc3 c6 4. e4 dxe4 5. Nxe4 Bb4+ 6. Bd2 Qxd4 7. Bxb4
Qxe4+ 8. Be2 Na6 9. Bd6 e5 10. Nf3 Bg4 11. O-O O-O-O 12. b4 Nf6 13. c5 Ne8
14. Bd3 Qf4 15. Bxe5 Qxb4 16. Rb1 Qa5 17. Qc2 Nxc5 18. Rb5 cxb5 19. Qxc5+
Nc7 20. Rc1 Rxd3 21. Bxc7 Rd1+ 22. Rxd1 Qxc7 23. Qxa7 Bxf3 24. gxf3 Qc2 25.
Qd4 Kb8 26. Qe5+ Ka7 27. Qe3+ Kb8 28. Qe5+ Ka7 29. Rd4 Rc8 30. Qxb5 Qc5 31.
Ra4+ 1/2-1/2

[Event "XIII TCh-RUS"]
[Site "Sochi RUS"]
[Date "2006.04.28"]
[Round "9"]
[White "Shomoev,A"]
[Black "Kasimdzhanov,R"]
[Result "1-0"]
[WhiteElo "2492"]
[BlackElo "2673"]
[EventDate "2006.04.20"]

1. e4 c5 2. Nf3 d6 3. d4 cxd4 4. Nxd4 Nf6 5. Nc3 a6 6. Bg5 Nc6 7. Qd2 e6 8.
O-O-O Bd7 9. f3 Be7 10. Kb1 O-O 11. h4 b5 12. g4 Nxd4 13. Qxd4 Rc8 14. Qd2
Bc6 15. Bd3 Nd7 16. a3 f6 17. Be3 Ne5 18. Be2 a5 19. Nxb5 Nxf3 20. Bxf3
Bxb5 21. g5 Rb8 22. Bg4 Bd7 23. Qg2 Qc7 24. Bc1 Rb5 25. Rhf1 Qb7 26. Rf2
fxg5 27. Rxf8+ Kxf8 28. hxg5 Ke8 29. Qh1 Kd8 30. Qxh7 Bc6 31. Qg8+ Kc7 32.
Qxe6 Re5 33. Qf7 Kb8 34. Rd3 a4 35. Rd4 Rxe4 36. Rxe4 Bxe4 37. Qe8+ 1-0

[Event "XIII TCh-RUS"]
[Site "Sochi RUS"]
[Date "2006.04.28"]
[Round "9"]
[White "Timofeev,Arty"]
[Black "Rychagov,A"]
[Result "1-0"]
[WhiteElo "2646"]
[BlackElo "2542"]
[EventDate "2006.04.20"]

1. e4 e6 2. d4 d5 3. Nd2 dxe4 4. Nxe4 Nd7 5. Nf3 Ngf6 6. Bd3 Nxe4 7. Bxe4
Nf6 8. Bg5 h6 9. Bxf6 Qxf6 10. Qe2 c6 11. Ne5 Bd7 12. O-O-O Bd6 13. Kb1
O-O-O 14. f4 Be8 15. h4 Qe7 16. g3 Qc7 17. Nc4 Be7 18. h5 Kb8 19. a3 c5 20.
d5 exd5 21. Bxd5 Bf6 22. Rhe1 Bb5 23. Qf3 Rd7 24. Qb3 Bc6 25. Bxc6 Qxc6 26.
Na5 Rxd1+ 27. Rxd1 Qc7 28. Nc4 Rd8 29. Re1 Qc6 30. Ka2 Qd5 31. Ne5 Qxb3+
32. Kxb3 Rd5 33. Ng4 Rxh5 34. Nxf6 gxf6 35. Re8+ Kc7 36. Re7+ Kc8 37. Rxf7
Rh3 38. Kc4 Rxg3 39. Rxf6 Rg2 40. Kxc5 Rxc2+ 41. Kd6 Rd2+ 42. Ke7 Re2+ 43.
Kf7 h5 44. f5 Rf2 45. Ke6 Re2+ 46. Kd6 Rd2+ 47. Ke7 Rd7+ 48. Ke6 Kc7 49.
Rg6 Rd3 50. f6 Re3+ 51. Kf7 h4 52. Kg7 h3 53. f7 1-0

[Event "XIII TCh-RUS"]
[Site "Sochi RUS"]
[Date "2006.04.28"]
[Round "9"]
[White "Nikolenko,O"]
[Black "Filippov,Va"]
[Result "0-1"]
[WhiteElo "2536"]
[BlackElo "2561"]
[EventDate "2006.04.20"]

1. e4 c5 2. Nf3 e6 3. Nc3 Nc6 4. Bb5 Nd4 5. O-O a6 6. Bd3 Ne7 7. Nxd4 cxd4
8. Ne2 d5 9. exd5 Nxd5 10. c3 dxc3 11. dxc3 Bd6 12. Nd4 Qc7 13. Qh5 Nf4 14.
Bxf4 Bxf4 15. Rfe1 g6 16. Qh4 O-O 17. Nf3 Kg7 18. Rad1 f6 19. Bc2 e5 20. g3
Bh6 21. Bb3 b5 22. Nd2 Bg5 23. Qe4 Bb7 24. Qe2 Qc6 25. Ne4 Rad8 26. f3 Bh6
27. Qf2 Kh8 28. Kg2 Bg7 29. Qc5 f5 30. Qxc6 Bxc6 31. Nd6 Rd7 32. Be6 Re7
33. Bd5 Bd7 34. c4 bxc4 35. Bxc4 e4 36. fxe4 fxe4 37. Rxe4 Rxe4 38. Nxe4
Bc6 39. Bd3 Bxb2 40. Rb1 Rd8 41. Rxb2 Rxd3 42. Re2 Rd4 43. Kf3 g5 44. h4 h6
45. hxg5 hxg5 46. Kg4 Bxe4 47. Kxg5 Kg7 48. Kf4 Bg6+ 49. Ke5 Ra4 50. Kd6
Bf7 51. Kc5 Bxa2 52. Rf2 Be6 53. Rf4 Ra1 54. Kb4 a5+ 55. Kc3 Ra3+ 56. Kb2
Rb3+ 57. Ka1 Rxg3 58. Ra4 Rg5 59. Rf4 Bf7 60. Kb2 Kf8 61. Re4 Bd5 62. Re3
Kf7 63. Ka3 Be6 64. Rc3 Ke7 65. Rd3 Rc5 66. Rd2 Bd5 67. Rh2 Bc6 68. Rd2
Rc3+ 69. Kb2 Rh3 70. Rc2 Kd6 71. Rc3 Rh4 72. Ka3 Kc7 73. Rd3 Kb6 74. Rb3+
Bb5 75. Rg3 Bc4 76. Rf3 Kc5 77. Rf5+ Bd5 78. Rf2 Rh3+ 0-1

[Event "XIII TCh-RUS"]
[Site "Sochi RUS"]
[Date "2006.04.28"]
[Round "9"]
[White "Gabrielian,A"]
[Black "Iljin,A"]
[Result "1/2-1/2"]
[WhiteElo "2520"]
[BlackElo "2505"]
[EventDate "2006.04.20"]

1. e4 c6 2. d4 d5 3. e5 Bf5 4. Nf3 e6 5. Be2 Nd7 6. O-O h6 7. Nbd2 Bh7 8.
c3 Ne7 9. Nb3 Ng6 10. g3 c5 11. c4 dxc4 12. Bxc4 a6 13. Re1 Nb6 14. Bf1
cxd4 15. Re4 Ne7 16. Rxd4 Ned5 17. Bd2 Be7 18. Ba5 Qb8 19. Bd3 O-O 20.
Bxh7+ Kxh7 21. Qd3+ Kh8 22. Re1 Qe8 23. Qe4 Qb5 24. Qg4 Rac8 25. Bd2 Rc4
26. Qh5 Rxd4 27. Nbxd4 Qd3 28. Rc1 Kh7 29. b3 Qg6 30. Qxg6+ Kxg6 31. Ne1
Rd8 32. Nef3 Rd7 33. Kf1 Ba3 34. Rc2 Bb4 35. Ke2 Bxd2 36. Rxd2 Rc7 37. Kd1
Nc3+ 38. Ke1 Nbd5 39. a4 b5 40. axb5 axb5 41. Rc2 Nb4 42. Rd2 Ra7 43. Nc2
Ra2 44. Nfd4 Nxc2+ 45. Rxc2 Rxc2 46. Nxc2 Kf5 47. Kd2 Ne4+ 48. Ke3 Kxe5 49.
f4+ Kd5 50. Nb4+ Kc5 51. Nd3+ Kd5 52. Nb4+ Kc5 53. Nd3+ Kd5 1/2-1/2

[Event "XIII TCh-RUS"]
[Site "Sochi RUS"]
[Date "2006.04.29"]
[Round "10"]
[White "Volkov,S1"]
[Black "Galkin,A"]
[Result "1/2-1/2"]
[WhiteElo "2620"]
[BlackElo "2618"]
[EventDate "2006.04.20"]

1. d4 d5 2. c4 c6 3. Nf3 e6 4. e3 Bd6 5. Bd3 f5 6. O-O Nf6 7. b3 b6 8. Ba3
Bb7 9. Qc1 O-O 10. Rd1 g6 11. Bxd6 Qxd6 12. Qa3 Qxa3 13. Nxa3 Nbd7 14. Ng5
Rfe8 15. Rac1 a6 16. Nb1 c5 17. dxc5 Nxc5 18. Be2 Rad8 19. Nc3 h6 20. Nf3
dxc4 21. Bxc4 Rxd1+ 22. Nxd1 1/2-1/2